|
|
|
|
| LEADER |
00000nab a2200000uu 4500 |
| 001 |
vtls011438821 |
| 003 |
SK-MaSNL |
| 005 |
20260303151425.0 |
| 008 |
230222| xo |||||||||||||||||slo| |
| 015 |
|
|
|a SNBRB
|
| 035 |
|
|
|a (urnnbn)urn:nbn:sk:snk:ar-002u5s
|
| 035 |
|
|
|a (uuid)800daf08-0908-45b0-8fac-07c57a40c9c5
|
| 035 |
|
|
|a urn:nbn:sk:snk-abcdnw
|
| 040 |
|
|
|a SNKBUCL
|b slo
|c SNKBUCL
|e AACR2
|
| 041 |
0 |
|
|a slo
|
| 044 |
|
|
|a xo
|c SK
|
| 100 |
1 |
|
|a Peciar, Štefan,
|d 1912-1989
|4 aut
|9 101102
|
| 245 |
1 |
0 |
|a K jednotlivým bodom novej pravopisnej úpravy
|c Štefan Peciar
|
| 773 |
0 |
|
|t Slovenská reč : časopis pre výskum slovenského jazyka : orgán Jazykovedného ústavu Ľudovíta Štúra Slovenskej akadémie vied
|g Roč. 17, č. 9-10 (1951-1952), s. 278-298
|
| 954 |
|
|
|a odborná, vedecká literatúra pôvodná (slovenská)
|2 lita
|
| 958 |
|
|
|a OND
|
| 958 |
|
|
|a EUIPO
|
| 958 |
|
|
|a article16
|
| 999 |
|
|
|c 2017596
|d 2019526
|